000 00382nam a2200145Ia 4500
008 220217s9999||||xx |||||||||||||| ||und||
020 _a81-85015-708
082 _a512 FRA
100 _aFraleigh, John, B
_93329
245 0 _aFirst cource abstract algebra
250 _a3rd
260 _aNarosa publishing house
_bNew Delhi
_c2003
300 _b195
650 _aMATHEMATICS
999 _c171381
_d171381